00389nam a2200133 i 4500001000700000003000900007007000300016008004100019100002800060245006700088260003400155300004500189852002100234100774ES-MaACLt|051005q19101920fr ||||1| fre d1 aMathuisieulx, H. M. de.13aLa Tripolitaine d'hier et de demain / cH. M. de Mathuisieulx. aParis : bF. Schmidt, c1912. aVIII, 215 p., 32 lám., 3 h. ; c19 cm. aES-MaACLjB-2749